000 00588nam a2200205Ia 4500
005 20250923145414.0
008 008 250917s9999 xx 000 0 eng d
037 _aTextual
040 _aDSWL
_beng
_cDSWL
041 _aeng
_2eng
084 _aW81.2'N27, N77
_qDSWL
100 _aShah, Ghanshyam
_9834960
245 0 _aProtest movements in two Indian states
_c by Ghanshyam Shah
260 _aDelhi
_bAjanta Pubs
_c1977
300 _axi,171 p.
365 _aINR
_b36 . 0
925 _g36 . 0
942 _cTEXL
_hW81.2'N27, N77
999 _c1450961
_d1450961